Машины и оборудование для гнутья труб

Бібліографічні деталі
Автор: Гальперин А. И. Абрам Исаевич
Мова:Російська
Опубліковано: Москва, Машгиз, 1963
Предмети:
Формат: MixedMaterials Книга
KOHA link:https://koha.lib.tpu.ru/cgi-bin/koha/opac-detail.pl?biblionumber=373006

MARC

LEADER 00000nam0a2200000 4500
001 373006
005 20231101050535.0
035 |a (RuTPU)RU\TPU\retro\30431 
035 |a RU\TPU\book\223789 
090 |a 373006 
100 |a 20221215d1963 m y0rusy50 ca 
101 0 |a rus 
102 |a RU 
105 |a a z 001zy 
200 1 |a Машины и оборудование для гнутья труб  |f А. И. Гальперин 
210 |a Москва  |c Машгиз  |d 1963 
215 |a 159 с.  |c ил. 
320 |a Библиогр.: с. 156-158. 
610 1 |a трубы 
610 1 |a машины 
610 1 |a оборудование 
610 1 |a станки 
610 1 |a гнутье 
610 1 |a штампы 
675 |a 621.774.034  |v 3 
700 1 |a Гальперин  |b А. И.  |g Абрам Исаевич 
801 1 |a RU  |b 63413507  |c 20111208 
801 2 |a RU  |b 63413507  |c 20221215  |g RCR 
942 |c BK